L'empereur Napoléon III et le Congrès. (Record no. 182886)

MARC details
000 -LEADER
campo de control de longitud fija 00482nam a2200145 i 4500
001 - NÚMERO DE CONTROL
campo de control 182886
003 - IDENTIFICADOR DE NÚMERO DE CONTROL
campo de control ES-MaACL
005 - FECHA Y HORA DE LA ÚLTIMA TRANSACCIÓN
campo de control 20230906221736.0
008 - DATOS DE LONGITUD FIJA--INFORMACIÓN GENERAL
campo de control de longitud fija 131125s1863 fr |||| | fre d
245 02 - MENCIÓN DEL TÍTULO
Título L'empereur Napoléon III et le Congrès.
260 ## - PUBLICACIÓN, DISTRIBUCIÓN, ETC.
Lugar de publicación, distribución, etc. Paris :
Nombre del editor, distribuidor, etc. E.Dentu,
Fecha de publicación, distribución, etc. 1863.
300 ## - DESCRIPCIÓN FÍSICA
Extensión 31 p. ;
Dimensiones 23 cm.
600 04 - PUNTO DE ACCESO ADICIONAL DE MATERIA--NOMBRE DE PERSONA
Nombre de persona Napoleón
Numeración III
Títulos y otros términos asociados al nombre Emperador de Francia.
9 (RLIN) 84912
852 ## - LOCALIZACIÓN
Ubicación ES-MaACL
Número de control de estantería T-77-F-15
Nota libre - Enc. hol., falto de la cub. original
-- -- Enc. en un vol. facticio
Holdings
Estatus retirado Estado de pérdida Estado de daño No para préstamo Colección Biblioteca de origen Biblioteca actual Ubicación en estantería Fecha de adquisición Fuente de adquisición Total de préstamos Signatura topográfica completa Código de barras Visto por última vez Precio de reemplazo Tipo de ítem Koha
        Colección de folletos Biblioteca del Ateneo de Madrid Biblioteca del Ateneo de Madrid Depósito folletos 25/11/2013     T-77-F-15 1192207 23/02/2023 23/02/2023 Folleto